England Captains - Statistics

General Stats
  • This quiz has been taken 70 times
  • The average score is 7 of 23
Answer Stats
Hint Answer % Correct
59 David Beckham
99%
34 John Terry
88%
90 Bobby Moore
84%
34 Alan Shearer
60%
15 Peter Shilton
60%
15 Tony Adams
48%
65 Bryan Robson
46%
18 Gary Lineker
45%
31 Kevin Keegan
34%
10 Stuart Pearce
30%
90 Billy Wright
28%
19 David Platt
27%
10 Ray Wilkins
21%
23 Emlyn Hughes
12%
15 Jimmy Armfield
6%
22 Johnny Haynes
4%
22 Bob Crompton
1%
20 Eddie Hapgood
1%
13 George Hardwick
1%
12 Roy Goodall
1%
13 Gilbert Smith
0%
15 Norman Bailey
0%
14 Viv Woodward
0%
No matching quizzes found
Score Distribution
Percent of People with Each Score
Percentile by Number Answered
Your Score History
You have not taken this quiz